000 01048nam a2200313 i 4500
001 000022262
003 DO-SdBNP
005 20260527074041.0
007 ta
008 100921s1999 dr a 000 0 spa d
040 _aDO-SdBNP
_bspa
_cBNPHU
_erda
041 _hspa
082 4 _a324.27293
_bM843p
_222
100 1 _aMoreno, Guillermo,
_eautor
_4aut..
_931108
245 1 0 _aPartidos políticos Vs soberanía ciudadana /
_cGuillermo Moreno ; prólogo, Jorge Cela.
250 _aprimera edición
264 1 _aSanto Domingo :
_bEditora Búho,
_c1999.
300 _a65 páginas :
_bilustraciones ;
_c22 cm.
336 _atexto
_btxt
_2rdacontent
337 _asin mediación
_bn
_2rdamedia
338 _avolumen
_bnc
_2rdacarrier
590 _aInventariado, 2019/MFF
650 4 _aDemocracia
_9286
650 0 _aPartidos políticos
_zRepública Dominicana
_9285
651 4 _aRepública Dominicana
_xPolítica y gobierno
_945
700 1 _aCela, Jorge,
_eprólogista
_4pr.
_97887
910 _aValidado. Control de calidad MFF
942 _2ddc
_cLBS1
999 _c21760
_d21760